[Event "Huaian IMSA blitz 2nd"]
[Site "Huaian"]
[Date "2017.12.12"]
[Round "1.6"]
[White "Grischuk, Alexander"]
[Black "Ivanchuk, Vassily"]
[Result "1-0"]
[WhiteElo "2772"]
[BlackElo "2726"]
[PlyCount "273"]
[EventDate "2017.12.12"]
[EventType "tourn (blitz)"]
[EventRounds "22"]
[EventCountry "CHN"]
[EventCategory "20"]
[SourceTitle "CBM 182"]
[Source "ChessBase"]
[SourceDate "2018.01.17"]
[SourceVersion "1"]
[SourceVersionDate "2018.01.17"]
[SourceQuality "1"]

1. e4 Nf6 2. e5 Nd5 3. d4 d6 4. Nf3 dxe5 5. Nxe5 c6 6. Be2 Bf5 7. O-O Nd7 8.
Nf3 Qc7 9. Nh4 Be6 10. Re1 Rd8 11. Bf1 g6 12. c4 N5f6 13. Nc3 Bg7 14. h3 O-O
15. Be3 Rfe8 16. Qc2 Nf8 17. Rad1 Bc8 18. Nf3 Bf5 19. Qa4 a6 20. Qb3 Ne4 21.
Nxe4 Bxe4 22. Ng5 Bf5 23. d5 c5 24. Qa3 Rc8 25. b4 cxb4 26. Qxb4 Bf6 27. c5 Nd7
28. g4 Ne5 29. d6 exd6 30. cxd6 Qd7 31. gxf5 Bxg5 32. Bxg5 Nf3+ 33. Kh1 Nxg5
34. Qg4 f6 35. fxg6 Qxg4 36. hxg4 Rxe1 37. Rxe1 Rd8 38. Bc4+ Kg7 39. Re7+ Kxg6
40. f4 Rxd6 41. fxg5 b5 42. Bb3 Kxg5 43. Rg7+ Kf4 44. Kg2 a5 45. Bg8 a4 46. Rb7
Rd2+ 47. Kf1 Rb2 48. Rxh7 Kxg4 49. Ke1 b4 50. Be6+ Kf4 51. Kd1 b3 52. axb3 axb3
53. Kc1 Rc2+ 54. Kb1 Rc3 55. Kb2 Re3 56. Bxb3 Kg5 57. Bc2 f5 58. Kc1 Re5 59.
Kd2 Kg6 60. Rh8 Kg5 61. Bd3 Kg6 62. Kc3 Kg5 63. Kd4 Ra5 64. Bc4 Kf6 65. Rf8+
Kg5 66. Bd5 Kf4 67. Rh8 Ra4+ 68. Bc4 Ra5 69. Rh1 Kg5 70. Bd5 Kf6 71. Rb1 Ra4+
72. Bc4 Ra5 73. Rb4 Kg5 74. Ke3 Re5+ 75. Kd3 Ra5 76. Bb5 Ra7 77. Kd4 Re7 78.
Bc6 Kf4 79. Kd5+ Kg5 80. Kd6 Re3 81. Rb5 Kf6 82. Bd7 Rd3+ 83. Kc7 Rc3+ 84. Kd8
Rf3 85. Rb6+ Kg5 86. Ke7 Re3+ 87. Kf7 Re5 88. Rb1 Ra5 89. Rg1+ Kf4 90. Kf6 Ke3
91. Bxf5 Rc5 92. Rg3+ Kd2 93. Ke6 Rb5 94. Be4 Rb6+ 95. Ke5 Rb5+ 96. Kf4 Rb4 97.
Rd3+ Ke2 98. Ra3 Kd2 99. Rd3+ Ke2 100. Rc3 Rb2 101. Rh3 Kd2 102. Ke5 Rb5+ 103.
Bd5 Rb4 104. Kd6 Rb2 105. Kc5 Kc2 106. Kd4 Kd2 107. Bb3 Kc1 108. Kc3 Rc2+ 109.
Kb4 Rf2 110. Rd3 Kb2 111. Rd4 Rh2 112. Bc4 Kc2 113. Rd3 Rd2 114. Ra3 Kb2 115.
Bd3 Kc1 116. Kc4 Rf2 117. Kc3 Rc2+ 118. Kd4 Rc7 119. Ra1+ Kb2 120. Rb1+ Ka3
121. Rb8 Ka4 122. Bc4 Ka5 123. Rb5+ Ka4 124. Rb1 Ka5 125. Bd5 Rc2 126. Ke5 Rc3
127. Kd6 Rc2 128. Bc6 Rc3 129. Kd5 Rc2 130. Rb5+ Ka6 131. Kd6 Rh2 132. Rb1 Rh6+
133. Kc5 Rh5+ 134. Bd5 Ka7 135. Rb7+ Ka6 136. Rg7 Rf5 137. Rg8 1-0

[Event "Huaian IMSA blitz 2nd"]
[Site "Huaian"]
[Date "2017.12.12"]
[Round "2.2"]
[White "Korobov, Anton"]
[Black "Grischuk, Alexander"]
[Result "0-1"]
[WhiteElo "2652"]
[BlackElo "2772"]
[PlyCount "90"]
[EventDate "2017.12.12"]
[EventType "tourn (blitz)"]
[EventRounds "22"]
[EventCountry "CHN"]
[EventCategory "20"]
[SourceTitle "CBM 182"]
[Source "ChessBase"]
[SourceDate "2018.01.17"]
[SourceVersion "1"]
[SourceVersionDate "2018.01.17"]
[SourceQuality "1"]

1. d4 e6 2. c4 f5 3. g3 Nf6 4. Bg2 d5 5. Nf3 Bd6 6. O-O O-O 7. Nbd2 Nc6 8. b3
a5 9. a3 Ne4 10. Bb2 Bd7 11. cxd5 exd5 12. Ne5 Be8 13. e3 Ne7 14. Ndf3 a4 15.
Nd3 axb3 16. Qxb3 Ba4 17. Qa2 Bb5 18. Rfd1 c6 19. Nfe5 Nc8 20. Nf4 Qe8 21. Rac1
Nb6 22. f3 Nf6 23. e4 fxe4 24. fxe4 Kh8 25. exd5 Nbxd5 26. Nxd5 Nxd5 27. Bxd5
Bxe5 28. dxe5 cxd5 29. e6 Qxe6 30. Bd4 Rf7 31. Qb2 Bc4 32. Re1 Qh3 33. Qg2 Qg4
34. Rcd1 h6 35. h3 Qg6 36. Re3 Raf8 37. Rde1 Bd3 38. Re6 Qg5 39. R1e5 Qc1+ 40.
Re1 Rf1+ 41. Rxf1 Rxf1+ 42. Kh2 Be4 43. Rxe4 dxe4 44. Qxe4 Qd2+ 45. Qg2 Qxg2+
0-1

[Event "Huaian IMSA blitz 2nd"]
[Site "Huaian"]
[Date "2017.12.12"]
[Round "4.3"]
[White "Artemiev, Vladislav"]
[Black "Grischuk, Alexander"]
[Result "1-0"]
[WhiteElo "2691"]
[BlackElo "2772"]
[PlyCount "79"]
[EventDate "2017.12.12"]
[EventType "tourn (blitz)"]
[EventRounds "22"]
[EventCountry "CHN"]
[EventCategory "20"]
[SourceTitle "CBM 182"]
[Source "ChessBase"]
[SourceDate "2018.01.17"]
[SourceVersion "1"]
[SourceVersionDate "2018.01.17"]
[SourceQuality "1"]

1. e4 c5 2. Nf3 e6 3. g3 Nc6 4. Bg2 Nf6 5. Qe2 d6 6. O-O Be7 7. e5 dxe5 8. Nxe5
Nd4 9. Qd1 Nd7 10. Nc4 O-O 11. d3 Nb6 12. Nbd2 Nd5 13. c3 Nc6 14. Nf3 Qc7 15.
a4 b6 16. Qb3 Bb7 17. a5 Rab8 18. axb6 axb6 19. Bg5 Ba8 20. Bxe7 Ncxe7 21. Nce5
b5 22. Rfe1 h6 23. Qa3 b4 24. Qa7 Rb7 25. Qa6 bxc3 26. bxc3 Rb6 27. Qa5 Rc8 28.
Ra3 Bb7 29. d4 cxd4 30. cxd4 Ra8 31. Qc5 Qxc5 32. Rxa8+ Bxa8 33. dxc5 Rb2 34.
Ra1 Bc6 35. Nd4 Be8 36. Ra8 Nc7 37. Rd8 Rb1+ 38. Bf1 f6 39. Nxe6 fxe5 40. Nxc7
1-0

[Event "Huaian IMSA blitz 2nd"]
[Site "Huaian"]
[Date "2017.12.12"]
[Round "5.4"]
[White "Grischuk, Alexander"]
[Black "Harikrishna, Pentala"]
[Result "0-1"]
[WhiteElo "2772"]
[BlackElo "2744"]
[PlyCount "122"]
[EventDate "2017.12.12"]
[EventType "tourn (blitz)"]
[EventRounds "22"]
[EventCountry "CHN"]
[EventCategory "20"]
[SourceTitle "CBM 182"]
[Source "ChessBase"]
[SourceDate "2018.01.17"]
[SourceVersion "1"]
[SourceVersionDate "2018.01.17"]
[SourceQuality "1"]

1. e4 c5 2. Nf3 e6 3. d4 cxd4 4. Nxd4 Nc6 5. Nc3 Qc7 6. Be3 a6 7. a3 Be7 8. f4
b5 9. Qf3 Bb7 10. Bd3 Nf6 11. O-O h5 12. h3 Nxd4 13. Bxd4 Bc5 14. Qf2 d6 15. e5
Nd7 16. Be4 Bxd4 17. Qxd4 Qc5 18. Qxc5 Nxc5 19. Bxb7 Nxb7 20. f5 O-O 21. Rae1
exf5 22. Rxf5 g6 23. Rf6 dxe5 24. Rxe5 Kg7 25. Rb6 Na5 26. b3 Rfb8 27. Rxb8
Rxb8 28. Ne4 Nc6 29. Rc5 Nd4 30. a4 bxa4 31. bxa4 Rb1+ 32. Kh2 h4 33. Rc4 Nf5
34. g3 hxg3+ 35. Nxg3 Ne3 36. Rc3 Nd5 37. Rc5 Ne3 38. Rc3 Re1 39. a5 f5 40. Rc6
Rc1 41. Rxa6 Rxc2+ 42. Kh1 f4 43. Ne4 f3 44. Ra7+ Kh6 45. Rf7 Nf5 46. a6 f2 47.
Nxf2 Rxf2 48. a7 Ra2 49. Kg1 Nd4 50. Rd7 Nc6 51. Rc7 Nxa7 52. Rc5 Ra6 53. Kg2
Nc6 54. Kg3 Nd4 55. Rc4 Nf5+ 56. Kf4 Ra1 57. Ke5 Rh1 58. Kf6 Rxh3 59. Rc8 Kh5
60. Rh8+ Nh6 61. Rh7 Ra3 0-1

[Event "Huaian IMSA blitz 2nd"]
[Site "Huaian"]
[Date "2017.12.12"]
[Round "6.4"]
[White "Mamedov, Rauf"]
[Black "Grischuk, Alexander"]
[Result "0-1"]
[WhiteElo "2709"]
[BlackElo "2772"]
[PlyCount "146"]
[EventDate "2017.12.12"]
[EventType "tourn (blitz)"]
[EventRounds "22"]
[EventCountry "CHN"]
[EventCategory "20"]
[SourceTitle "CBM 182"]
[Source "ChessBase"]
[SourceDate "2018.01.17"]
[SourceVersion "1"]
[SourceVersionDate "2018.01.17"]
[SourceQuality "1"]

1. e4 e5 2. Nc3 Nf6 3. g3 d5 4. exd5 c6 5. d6 Bxd6 6. Bg2 O-O 7. d3 Re8 8. Nf3
h6 9. O-O Na6 10. Re1 Bf5 11. a3 Nc7 12. b3 Qd7 13. Bb2 Rad8 14. Nd2 Bg4 15.
Bf3 Qf5 16. Nce4 Bxf3 17. Nxf3 Nxe4 18. Rxe4 Nd5 19. Nh4 Qe6 20. Qf3 Nf6 21.
Re2 Qd5 22. Rae1 Nd7 23. Qg4 Nf6 24. Qf5 Nd7 25. c4 Qe6 26. Qxe6 Rxe6 27. Nf5
Nc5 28. Nxd6 Rdxd6 29. Bxe5 Rxd3 30. b4 Nd7 31. Bf4 Rxe2 32. Rxe2 Rxa3 33. Re8+
Kh7 34. Rd8 Nb6 35. c5 Nd5 36. Rd7 Nxf4 37. gxf4 a5 38. bxa5 Kg6 39. Rxb7 Rxa5
40. Kg2 Rxc5 41. Kg3 Rc3+ 42. f3 Kf6 43. h4 h5 44. Rc7 Rc5 45. Rc8 g6 46. Rc7
Ke6 47. Rc8 Kd7 48. Rf8 Rf5 49. Ra8 Kd6 50. Ra4 c5 51. Kf2 Kd5 52. Ke3 Rf6 53.
Ra7 Re6+ 54. Kd3 c4+ 55. Kd2 Rf6 56. Rd7+ Kc5 57. Rc7+ Kb5 58. Ke3 Kb4 59. Rb7+
Kc3 60. Ra7 Kc2 61. Ra2+ Kb3 62. Ra7 c3 63. Rb7+ Kc2 64. Rc7 Kb2 65. Kd3 Rd6+
66. Ke2 c2 67. Rb7+ Kc1 68. Rxf7 Re6+ 69. Kf2 Rb6 70. f5 Kb2 71. fxg6 c1=Q 72.
g7 Qc5+ 73. Kf1 Qc4+ 0-1

[Event "Huaian IMSA blitz 2nd"]
[Site "Huaian"]
[Date "2017.12.12"]
[Round "7.3"]
[White "Grischuk, Alexander"]
[Black "Yu, Yangyi"]
[Result "1-0"]
[WhiteElo "2772"]
[BlackElo "2751"]
[PlyCount "59"]
[EventDate "2017.12.12"]
[EventType "tourn (blitz)"]
[EventRounds "22"]
[EventCountry "CHN"]
[EventCategory "20"]
[SourceTitle "CBM 182"]
[Source "ChessBase"]
[SourceDate "2018.01.17"]
[SourceVersion "1"]
[SourceVersionDate "2018.01.17"]
[SourceQuality "1"]

1. Nf3 Nf6 2. b3 d5 3. Bb2 e6 4. e3 Be7 5. c4 O-O 6. Nc3 b6 7. d4 Bb7 8. Bd3
Nbd7 9. O-O c5 10. cxd5 Nxd5 11. Nxd5 Bxd5 12. Rc1 Rc8 13. Qe2 cxd4 14. Nxd4
Rxc1 15. Rxc1 Nc5 16. Bb5 Qa8 17. b4 a6 18. Bc4 Na4 19. Bxd5 Qxd5 20. Nc6 Bd6
21. Be5 f5 22. f3 Rc8 23. Ne7+ Bxe7 24. Rxc8+ Bf8 25. f4 b5 26. Bd4 Kf7 27.
Qh5+ Kg8 28. Qe8 Qd6 29. a3 a5 30. Rd8 1-0

[Event "Huaian IMSA blitz 2nd"]
[Site "Huaian"]
[Date "2017.12.12"]
[Round "8.5"]
[White "Andreikin, Dmitry"]
[Black "Grischuk, Alexander"]
[Result "1/2-1/2"]
[WhiteElo "2712"]
[BlackElo "2772"]
[PlyCount "66"]
[EventDate "2017.12.12"]
[EventType "tourn (blitz)"]
[EventRounds "22"]
[EventCountry "CHN"]
[EventCategory "20"]
[SourceTitle "CBM 182"]
[Source "ChessBase"]
[SourceDate "2018.01.17"]
[SourceVersion "1"]
[SourceVersionDate "2018.01.17"]
[SourceQuality "1"]

1. Nf3 Nf6 2. g3 g6 3. b3 Bg7 4. Bb2 O-O 5. Bg2 d6 6. d4 Nbd7 7. Nc3 e5 8. dxe5
dxe5 9. Qd2 Re8 10. Ng5 h6 11. Nge4 Nxe4 12. Nxe4 f5 13. Nc3 e4 14. O-O-O Qf6
15. e3 c6 16. Qd6 Ne5 17. Qxf6 Bxf6 18. h4 h5 19. Ne2 Be6 20. Nf4 Kf7 21. Rd8
Rexd8 22. Rd1 Rxd1+ 23. Kxd1 Ng4 24. Bxf6 Kxf6 25. Ke1 a5 26. Bf1 Bf7 27. c4 c5
28. Be2 Ne5 29. a4 Ke7 30. Kd2 Kd6 31. Kc3 Ke7 32. Kd2 Kd6 33. Kc3 Ke7 1/2-1/2

[Event "Huaian IMSA blitz 2nd"]
[Site "Huaian"]
[Date "2017.12.12"]
[Round "11.3"]
[White "Grischuk, Alexander"]
[Black "Le, Quang Liem"]
[Result "1-0"]
[WhiteElo "2772"]
[BlackElo "2737"]
[PlyCount "71"]
[EventDate "2017.12.12"]
[EventType "tourn (blitz)"]
[EventRounds "22"]
[EventCountry "CHN"]
[EventCategory "20"]
[SourceTitle "CBM 182"]
[Source "ChessBase"]
[SourceDate "2018.01.17"]
[SourceVersion "1"]
[SourceVersionDate "2018.01.17"]
[SourceQuality "1"]

1. e4 e6 2. d4 d5 3. Nc3 Bb4 4. e5 c5 5. a3 Bxc3+ 6. bxc3 Ne7 7. Qg4 Kf8 8. h4
Qc7 9. Qd1 b6 10. h5 h6 11. Nf3 Ba6 12. Bxa6 Nxa6 13. O-O Rc8 14. Qe2 Nb8 15.
a4 cxd4 16. Ba3 Qc4 17. Qd1 dxc3 18. Nd4 Nbc6 19. Nb5 Qf4 20. Re1 Kg8 21. g3
Qd2 22. Qf3 Nf5 23. Rad1 Qg5 24. Bc1 Qd8 25. g4 a6 26. gxf5 axb5 27. f6 gxf6
28. exf6 Kf8 29. axb5 Nb4 30. Ba3 Rc4 31. Rb1 Rg8+ 32. Kf1 Ke8 33. Rxb4 Qc7 34.
Qxd5 Rcg4 35. Rxg4 Rxg4 36. Rxe6+ 1-0

[Event "Huaian IMSA blitz 2nd"]
[Site "Huaian"]
[Date "2017.12.13"]
[Round "12"]
[White "Ivanchuk, Vassily"]
[Black "Grischuk, Alexander"]
[Result "1/2-1/2"]
[WhiteElo "2726"]
[BlackElo "2772"]
[PlyCount "68"]
[EventDate "2017.12.12"]
[EventType "tourn (blitz)"]
[EventRounds "22"]
[EventCountry "CHN"]
[EventCategory "20"]
[SourceTitle "CBM 182 Extra"]
[Source "ChessBase"]
[SourceDate "2018.02.23"]
[SourceVersion "1"]
[SourceVersionDate "2018.02.23"]
[SourceQuality "1"]

1. e4 e5 2. Nf3 Nc6 3. Bb5 Nf6 4. d3 Bc5 5. c3 d5 6. Nbd2 dxe4 7. dxe4 O-O 8.
O-O Qe7 9. Qe2 a5 10. a4 Nb8 11. Bd3 Rd8 12. Nc4 Nbd7 13. Bg5 h6 14. Bh4 b6 15.
Ne3 Bxe3 16. Qxe3 Ba6 17. Bxa6 Rxa6 18. Rfd1 Raa8 19. h3 Nf8 20. Bg3 Ng6 21.
Nh4 Nxh4 22. Bxh4 Rxd1+ 23. Rxd1 Rd8 24. Rxd8+ Qxd8 25. Qe2 Qd6 26. Bxf6 Qxf6
27. Qc4 Qd6 28. g3 g6 29. Kg2 Kg7 30. h4 h5 31. b4 c6 32. bxa5 bxa5 33. Kg1
Qd1+ 34. Kg2 Qd6 1/2-1/2

[Event "Huaian IMSA blitz 2nd"]
[Site "Huaian"]
[Date "2017.12.13"]
[Round "13"]
[White "Grischuk, Alexander"]
[Black "Korobov, Anton"]
[Result "0-1"]
[WhiteElo "2772"]
[BlackElo "2652"]
[PlyCount "74"]
[EventDate "2017.12.12"]
[EventType "tourn (blitz)"]
[EventRounds "22"]
[EventCountry "CHN"]
[EventCategory "20"]
[SourceTitle "CBM 182 Extra"]
[Source "ChessBase"]
[SourceDate "2018.02.23"]
[SourceVersion "1"]
[SourceVersionDate "2018.02.23"]
[SourceQuality "1"]

1. e4 c5 2. Nc3 Nc6 3. Bb5 e6 4. Bxc6 bxc6 5. d3 Ne7 6. f4 d5 7. Nf3 Ng6 8. b3
Bd6 9. e5 Be7 10. O-O O-O 11. Na4 f6 12. c4 fxe5 13. fxe5 Rf5 14. Qe1 dxc4 15.
dxc4 Nxe5 16. Nxe5 Qd4+ 17. Be3 Rxf1+ 18. Kxf1 Qxe5 19. Kg1 Bd7 20. Bf2 Qf5 21.
Rd1 Be8 22. Qe3 Bg6 23. Nxc5 e5 24. h3 Rf8 25. Bg3 e4 26. Bd6 Bg5 27. Qe1 Rd8
28. b4 e3 29. Bg3 Rxd1 30. Qxd1 Qb1 31. Qxb1 Bxb1 32. a4 Ba2 33. b5 cxb5 34.
cxb5 e2 35. Kf2 Bc4 36. Ne4 Bd8 37. Bd6 Ba5 0-1

[Event "Huaian IMSA blitz 2nd"]
[Site "Huaian"]
[Date "2017.12.13"]
[Round "15"]
[White "Grischuk, Alexander"]
[Black "Artemiev, Vladislav"]
[Result "0-1"]
[WhiteElo "2772"]
[BlackElo "2691"]
[PlyCount "52"]
[EventDate "2017.12.12"]
[EventType "tourn (blitz)"]
[EventRounds "22"]
[EventCountry "CHN"]
[EventCategory "20"]
[SourceTitle "CBM 182 Extra"]
[Source "ChessBase"]
[SourceDate "2018.02.23"]
[SourceVersion "1"]
[SourceVersionDate "2018.02.23"]
[SourceQuality "1"]

1. e4 c5 2. Nf3 e6 3. d4 cxd4 4. Nxd4 Nc6 5. Nc3 a6 6. Be3 Nf6 7. a3 d5 8. exd5
exd5 9. Be2 Bd6 10. O-O O-O 11. Bf3 Bc7 12. Re1 Re8 13. Qd2 Bg4 14. Bxg4 Nxg4
15. g3 Nge5 16. Kg2 Nc4 17. Qc1 Nxe3+ 18. fxe3 Ne5 19. Nf3 Nxf3 20. Kxf3 Qf6+
21. Kg2 Qc6 22. Kg1 Bb6 23. Qd2 Rxe3 24. Rxe3 d4 25. Qg2 dxc3 26. Qxc6 Bxe3+
0-1

[Event "Huaian IMSA blitz 2nd"]
[Site "Huaian"]
[Date "2017.12.13"]
[Round "16"]
[White "Harikrishna, Pentala"]
[Black "Grischuk, Alexander"]
[Result "0-1"]
[WhiteElo "2744"]
[BlackElo "2772"]
[PlyCount "82"]
[EventDate "2017.12.12"]
[EventType "tourn (blitz)"]
[EventRounds "22"]
[EventCountry "CHN"]
[EventCategory "20"]
[SourceTitle "CBM 182 Extra"]
[Source "ChessBase"]
[SourceDate "2018.02.23"]
[SourceVersion "1"]
[SourceVersionDate "2018.02.23"]
[SourceQuality "1"]

1. e4 e5 2. Nf3 Nc6 3. Bb5 Nf6 4. d3 Bc5 5. Bxc6 dxc6 6. Nbd2 Nd7 7. O-O O-O 8.
a4 Re8 9. Nc4 b6 10. b3 Bf8 11. Bb2 f6 12. Nh4 Nc5 13. Qf3 Ne6 14. Nf5 c5 15.
Qg3 Kh8 16. Rae1 a6 17. Qh4 b5 18. axb5 axb5 19. Nce3 Ra2 20. Bc3 Nd4 21. Bxd4
cxd4 22. Ng4 Rxc2 23. Ra1 Bxf5 24. exf5 Rc3 25. Rad1 Rxb3 26. f3 c5 27. Nf2 c4
28. dxc4 bxc4 29. Ne4 d3 30. g4 c3 31. g5 c2 32. gxf6 cxd1=Q 33. Rxd1 Rb4 34.
f7 Re7 35. f6 Rd7 36. fxg7+ Bxg7 37. Qh5 Rxe4 38. fxe4 d2 39. Kh1 Qf6 40. Qg4
Rd8 41. Rg1 Qxf7 0-1

[Event "Huaian IMSA blitz 2nd"]
[Site "Huaian"]
[Date "2017.12.13"]
[Round "17"]
[White "Grischuk, Alexander"]
[Black "Mamedov, Rauf"]
[Result "1-0"]
[WhiteElo "2772"]
[BlackElo "2709"]
[PlyCount "81"]
[EventDate "2017.12.12"]
[EventType "tourn (blitz)"]
[EventRounds "22"]
[EventCountry "CHN"]
[EventCategory "20"]
[SourceTitle "CBM 182 Extra"]
[Source "ChessBase"]
[SourceDate "2018.02.23"]
[SourceVersion "1"]
[SourceVersionDate "2018.02.23"]
[SourceQuality "1"]

1. e4 c5 2. Nc3 Nc6 3. Bb5 Nd4 4. Nf3 a6 5. Bc4 b5 6. Bd3 Nc6 7. O-O g6 8. a4
b4 9. Nd5 Bg7 10. c3 e6 11. Re1 Nge7 12. Nxe7 Qxe7 13. Bf1 O-O 14. d4 d6 15.
Bg5 Qc7 16. Qd2 Bb7 17. Rad1 bxc3 18. bxc3 cxd4 19. cxd4 Qa5 20. Qxa5 Nxa5 21.
Be7 Rfc8 22. Bxd6 Bc6 23. Bb4 Nb3 24. a5 Bb5 25. d5 Bxf1 26. Kxf1 Rc4 27. Be7
Nxa5 28. d6 Bf8 29. Bf6 Bg7 30. Be7 Bf8 31. Ne5 Rc2 32. Bh4 Bg7 33. Nd7 Nb7 34.
Nf6+ Kh8 35. d7 h6 36. Ne8 g5 37. Bg3 Bc3 38. Rc1 Bxe1 39. Rxc2 Rd8 40. Kxe1
Rxd7 41. Be5+ 1-0

[Event "Huaian IMSA blitz 2nd"]
[Site "Huaian"]
[Date "2017.12.13"]
[Round "18"]
[White "Yu, Yangyi"]
[Black "Grischuk, Alexander"]
[Result "1/2-1/2"]
[WhiteElo "2751"]
[BlackElo "2772"]
[PlyCount "212"]
[EventDate "2017.12.12"]
[EventType "tourn (blitz)"]
[EventRounds "22"]
[EventCountry "CHN"]
[EventCategory "20"]
[SourceTitle "CBM 182 Extra"]
[Source "ChessBase"]
[SourceDate "2018.02.23"]
[SourceVersion "1"]
[SourceVersionDate "2018.02.23"]
[SourceQuality "1"]

1. Nf3 Nf6 2. g3 g6 3. Bg2 Bg7 4. O-O O-O 5. d4 d5 6. c4 c6 7. Qa4 dxc4 8. Qxc4
Bf5 9. Nc3 Nbd7 10. Re1 Nb6 11. Qb3 Be6 12. Qd1 Nfd5 13. e4 Nxc3 14. bxc3 c5
15. a4 Rc8 16. a5 Nc4 17. Qa4 cxd4 18. cxd4 Bd7 19. Qb4 Bg4 20. Bg5 Re8 21.
Qxb7 Nxa5 22. Qxa7 Nc6 23. Qa4 Bxf3 24. Bxf3 Nxd4 25. Bg4 Rb8 26. Rad1 h5 27.
Be3 hxg4 28. Bxd4 Bxd4 29. Rxd4 Qc8 30. e5 Ra8 31. Qd1 Qc3 32. Rxg4 Red8 33.
Qe2 Ra2 34. Qe3 Qxe3 35. Rxe3 e6 36. h4 Rdd2 37. Rf4 Re2 38. Rff3 Kg7 39. Kf1
Rxe3 40. Rxe3 Ra1+ 41. Kg2 Ra2 42. g4 Ra4 43. Kg3 Ra1 44. f3 Rh1 45. Ra3 Rb1
46. Ra5 Rg1+ 47. Kf4 Rh1 48. Kg5 Rf1 49. Ra3 Re1 50. f4 Rg1 51. h5 gxh5 52.
Kxh5 Rh1+ 53. Kg5 Re1 54. Ra7 Re2 55. Ra5 Rg2 56. Ra3 Rg1 57. Re3 Rg2 58. Rh3
Rg1 59. Kh4 Rf1 60. Kg5 Rg1 61. Rd3 Rg2 62. Rd7 Re2 63. Ra7 Re1 64. Ra5 Rg1 65.
Ra4 Rg2 66. Re4 Rg1 67. Re3 Rg2 68. Re4 Rg1 69. Ra4 Rg2 70. Ra7 Re2 71. Ra1 Rg2
72. Ra8 Rg1 73. Kh4 Rh1+ 74. Kg3 Rg1+ 75. Kh3 Rf1 76. Ra4 Re1 77. Kh4 Rh1+ 78.
Kg3 Rg1+ 79. Kf3 Rf1+ 80. Kg2 Rb1 81. Re4 Kg6 82. Re3 Rc1 83. Ra3 Re1 84. Ra8
Kg7 85. Kg3 Rg1+ 86. Kh4 Rh1+ 87. Kg5 Rg1 88. Ra5 Rg2 89. Ra1 Rg3 90. Re1 Rg2
91. Kh4 Kg6 92. Kh3 Ra2 93. Kg3 Ra3+ 94. Kh4 Ra2 95. Rf1 Rh2+ 96. Kg3 Re2 97.
Rh1 Re3+ 98. Kf2 Ra3 99. Rh5 Rb3 100. Rg5+ Kh7 101. f5 exf5 102. gxf5 Kh6 103.
Rg8 Rb5 104. Re8 Kg5 105. Re7 Kxf5 106. Rxf7+ Kxe5 1/2-1/2

[Event "Huaian IMSA blitz 2nd"]
[Site "Huaian"]
[Date "2017.12.13"]
[Round "19"]
[White "Grischuk, Alexander"]
[Black "Andreikin, Dmitry"]
[Result "1/2-1/2"]
[WhiteElo "2772"]
[BlackElo "2712"]
[PlyCount "99"]
[EventDate "2017.12.12"]
[EventType "tourn (blitz)"]
[EventRounds "22"]
[EventCountry "CHN"]
[EventCategory "20"]
[SourceTitle "CBM 182 Extra"]
[Source "ChessBase"]
[SourceDate "2018.02.23"]
[SourceVersion "1"]
[SourceVersionDate "2018.02.23"]
[SourceQuality "1"]

1. e4 e5 2. Nf3 Nc6 3. d4 exd4 4. Nxd4 Bc5 5. Nb3 Bb4+ 6. c3 Be7 7. c4 Nf6 8.
Bd3 O-O 9. O-O a5 10. Be3 a4 11. Nc1 b6 12. Ne2 Bc5 13. Bxc5 bxc5 14. Nbc3 a3
15. b3 d6 16. Qd2 Nb4 17. Rae1 Bb7 18. Bb1 Re8 19. Ng3 Nc6 20. f3 Nd7 21. Nf5
Ne7 22. Ne3 Nc6 23. Nb5 Nf6 24. Qc1 Nd4 25. Nxa3 Nh5 26. Nb5 Re6 27. Qd2 Nxb5
28. cxb5 Qg5 29. Nc4 Qh4 30. Qf2 Qg5 31. f4 Qg4 32. Qf3 Qxf3 33. Rxf3 f5 34.
Rfe3 fxe4 35. Bxe4 Rxe4 36. Rxe4 Bxe4 37. Rxe4 d5 38. Re5 Nxf4 39. g3 dxc4 40.
gxf4 cxb3 41. axb3 Ra3 42. Rxc5 Rxb3 43. Kg2 h6 44. h4 Kf8 45. Rxc7 Rxb5 46.
Kg3 h5 47. Rd7 Ra5 48. Rc7 Rb5 49. Rd7 Ra5 50. Rc7 1/2-1/2

[Event "Huaian IMSA blitz 2nd"]
[Site "Huaian"]
[Date "2017.12.13"]
[Round "22"]
[White "Le, Quang Liem"]
[Black "Grischuk, Alexander"]
[Result "0-1"]
[WhiteElo "2737"]
[BlackElo "2772"]
[PlyCount "94"]
[EventDate "2017.12.12"]
[EventType "tourn (blitz)"]
[EventRounds "22"]
[EventCountry "CHN"]
[EventCategory "20"]
[SourceTitle "CBM 182 Extra"]
[Source "ChessBase"]
[SourceDate "2018.02.23"]
[SourceVersion "1"]
[SourceVersionDate "2018.02.23"]
[SourceQuality "1"]

1. d4 d5 2. c4 e6 3. Nf3 Nf6 4. Nc3 dxc4 5. e4 b5 6. Nxb5 Nxe4 7. Nc3 Nd6 8.
Bxc4 Nxc4 9. Qa4+ Nd7 10. Qxc4 Bb7 11. Bg5 Be7 12. Bxe7 Qxe7 13. Qxc7 Bxf3 14.
gxf3 O-O 15. O-O Rfc8 16. Qf4 Nf6 17. Rac1 Qb4 18. Qd2 Rc4 19. Rfd1 Rd8 20. Ne2
Rxc1 21. Qxc1 h6 22. b3 Qb7 23. Qe3 Nd5 24. Qe4 Qa6 25. Rd2 Qa5 26. Qd3 Nb4 27.
Qc3 Qg5+ 28. Kf1 Nd5 29. Qd3 h5 30. Rc2 Qh4 31. Qd2 Qxh2 32. Qg5 Rb8 33. Ng3 h4
34. Nh5 g6 35. Nf6+ Nxf6 36. Qxf6 h3 37. Ke2 Qg2 38. Rc7 Rf8 39. Rc1 h2 40. Qh4
Re8 41. Qh6 e5 42. d5 e4 43. d6 Qxf3+ 44. Kd2 Qd3+ 45. Ke1 e3 46. d7 Qd2+ 47.
Kf1 Qxf2# 0-1

[Event "Wch Blitz"]
[Site "Riadh"]
[Date "2017.12.29"]
[Round "2"]
[White "Jumabayev, Rinat"]
[Black "Grischuk, Alexander"]
[Result "0-1"]
[WhiteElo "2612"]
[BlackElo "2772"]
[PlyCount "72"]
[EventDate "2017.12.29"]
[EventType "swiss (blitz)"]
[EventRounds "21"]
[EventCountry "SAU"]
[SourceTitle "CBM 182 Extra"]
[Source "ChessBase"]
[SourceDate "2018.02.23"]
[SourceVersion "1"]
[SourceVersionDate "2018.02.23"]
[SourceQuality "1"]

1. e4 e5 2. Nf3 Nc6 3. Bc4 Bc5 4. O-O Nf6 5. d3 d6 6. c3 a6 7. a4 h6 8. h3 O-O
9. Re1 a5 10. Nbd2 Be6 11. b3 Bxc4 12. bxc4 Nd7 13. Nb3 Bb6 14. d4 Re8 15. Rb1
Qf6 16. Qd3 exd4 17. cxd4 Nb4 18. Qd1 Qe6 19. Nbd2 f5 20. Rb3 fxe4 21. Rxe4 Qf7
22. Rg4 Nf6 23. Rg3 c6 24. Nh4 Qh5 25. Ndf3 Re4 26. Bxh6 Qxh6 27. Nf5 Qf4 28.
Nxg7 Kh8 29. Kh2 Rg8 30. Nd2 Rxd4 31. Rbf3 Qxd2 32. Qxd2 Rxd2 33. Rxf6 Rxg7 34.
Rf8+ Kh7 35. Rgf3 Nd3 36. R8f5 Rxf2 0-1